El Congreso de Arnedo sobre monacato rupestre (16 al 18 de abril de 2001). (Record no. 894358)
[ view plain ]
| 000 -CABECERA | |
|---|---|
| Campo de control de longitud fija | 00519nab a22001457 4500 |
| 003 - IDENTIFICADOR DEL NÚMERO DE CONTROL | |
| Campo de control | ES-SlBCS |
| 005 - FECHA Y HORA DE LA ÚLTIMA TRANSACCIÓN | |
| Campo de control | 20240210161744.0 |
| 008 - CÓDIGOS DE INFORMACIÓN DE LONGITUD FIJA | |
| Campo de control de longitud fija | 240210b2023 sp ||||| |||| 00| 0 spa d |
| 040 ## - FUENTE DE LA CATALOGACIÓN | |
| Centro catalogador del origen | ES-SlBCS |
| Lengua de catalogación | spa |
| 041 ## - CÓDIGO DE LENGUA | |
| Código de lengua del texto/banda sonora o título independiente | spa |
| 100 1# - PUNTO DE ACCESO PRINCIPAL-NOMBRE DE PERSONA | |
| Nombre de persona | González Blanco, Antonino |
| 9 (RLIN) | 90153 |
| 245 13 - MENCIÓN DE TÍTULO | |
| Título | El Congreso de Arnedo sobre monacato rupestre (16 al 18 de abril de 2001). |
| Resto del título | : Importancia, derivaciones y actualidad |
| Mención de responsabilidad, etc. | Antonino González Blanco |
| 773 0# - ENLACE AL DOCUMENTO FUENTE | |
| Parte(s) relacionada(s) | Núm. 185, 2023, págs. 433-472 |
| Título | Berceo |
| Número de control del registro relacionado | Rev75 |
| Número Internacional Normalizado para Publicaciones Seriadas (ISSN) | 0210-8550 |
| 942 ## - ENTRADA DE ELEMENTOS AGREGADOS (KOHA) | |
| Fuente de clasificaión o esquema | |
| Koha [por defecto] tipo de item | Artículos de revista |
| Suprimido | Perdido | Fuente de clasificación o esquema | Estropeado | No para préstamo | Localización permanente | Localización actual | Fecha adquisición | Préstamos totales | Fecha última consulta | Fecha del precio de reemplazo | Tipo de item de Koha |
|---|---|---|---|---|---|---|---|---|---|---|---|
| San Esteban | San Esteban | 10/02/2024 | 10/02/2024 | 10/02/2024 | Artículos de revista |
